000 01051cab a2200337 4500
001 ABS51035
008 090401t1994 xxu||||| |||| 00| 0 eng d
035 _a(Sirsi) u6033
041 _aeng
100 _aBenjamin, R.
245 _aSubdivision in the firing line
260 _c1994
350 _a0
490 _aEstates Gazette
_v(9430) 30 July 1994, 96-97(2)
520 _aReviews requirements of the building regulations for fire safety in offices, which are subdivided.
650 _aBLUE CODE GUIDE
650 _aBUILDING REGULATIONS
_96224
650 _aCOMPLIANCE AUDITS
650 _aFIRE PRECAUTIONS ACT 1971
650 _aMANAGEMENT-HEALTH AND SAFETY-FIRE SAFETY
650 _aLANDLORDS
650 _aLETTING AGENTS
650 _aOFFICES
650 _aSUBDIVISION
690 _aBUILT ENVIRONMENT-BUILDING STANDARDS-FIRE REGULATIONS
690 _aBUILDING AND CONSTRUCTION-REGULATIONS
690 _aBUILT ENVIRONMENT-BUILDING STANDARDS
690 _aLANDLORD AND TENANT
_96252
942 _n0
948 _c04/03/1997
999 _c3615
_d3615